<?xml version="1.0" encoding="UTF-8"?>
<record
    xmlns:xsi="http://www.w3.org/2001/XMLSchema-instance"
    xsi:schemaLocation="http://www.loc.gov/MARC21/slim http://www.loc.gov/standards/marcxml/schema/MARC21slim.xsd"
    xmlns="http://www.loc.gov/MARC21/slim">

  <leader>00482nam a22001697a 4500</leader>
  <datafield tag="999" ind1=" " ind2=" ">
    <subfield code="c">524049</subfield>
    <subfield code="d">524049</subfield>
  </datafield>
  <controlfield tag="003">NUST</controlfield>
  <datafield tag="020" ind1=" " ind2=" ">
    <subfield code="c">(Hbk)</subfield>
  </datafield>
  <datafield tag="038" ind1=" " ind2=" ">
    <subfield code="a">Shaban</subfield>
  </datafield>
  <datafield tag="082" ind1=" " ind2=" ">
    <subfield code="a">954.54918</subfield>
    <subfield code="b">WHE</subfield>
  </datafield>
  <datafield tag="100" ind1=" " ind2=" ">
    <subfield code="a">Wheelar, Sarmor Taimor</subfield>
    <subfield code="9">14874</subfield>
  </datafield>
  <datafield tag="245" ind1=" " ind2=" ">
    <subfield code="a">wadi sindh aor tahzebein \</subfield>
    <subfield code="c">Sarmor Taimor Wheelar </subfield>
  </datafield>
  <datafield tag="260" ind1=" " ind2=" ">
    <subfield code="a">Lahore -:</subfield>
    <subfield code="b">Ujala printer,</subfield>
    <subfield code="c">2003.</subfield>
  </datafield>
  <datafield tag="300" ind1=" " ind2=" ">
    <subfield code="a">176 p. ;</subfield>
  </datafield>
  <datafield tag="880" ind1=" " ind2=" ">
    <subfield code="6">100-02\r</subfield>
    <subfield code="a">&#x633;&#x631;&#x645;&#x648;&#x631;&#x679;&#x6CC;&#x645;&#x631;&#x648;&#x6BE;&#x6CC;&#x644;&#x631;</subfield>
  </datafield>
  <datafield tag="880" ind1=" " ind2=" ">
    <subfield code="6">245-02\r</subfield>
    <subfield code="a">&#x648;&#x627;&#x62F;&#x626; &#x633;&#x646;&#x62F;&#x6BE; &#x627;&#x648;&#x631; &#x62A;&#x6C1;&#x630;&#x6CC;&#x628;&#x6CC;&#x6BA;</subfield>
  </datafield>
  <datafield tag="942" ind1=" " ind2=" ">
    <subfield code="2">ddc</subfield>
    <subfield code="c">BK</subfield>
  </datafield>
  <datafield tag="952" ind1=" " ind2=" ">
    <subfield code="0">0</subfield>
    <subfield code="1">0</subfield>
    <subfield code="2">ddc</subfield>
    <subfield code="4">0</subfield>
    <subfield code="7">0</subfield>
    <subfield code="a">CL</subfield>
    <subfield code="b">CL</subfield>
    <subfield code="d">2019-06-14</subfield>
    <subfield code="l">0</subfield>
    <subfield code="o">954.54918 WHE</subfield>
    <subfield code="p">CL-E-1795</subfield>
    <subfield code="r">2019-06-14</subfield>
    <subfield code="w">2019-06-14</subfield>
    <subfield code="y">BK</subfield>
  </datafield>
</record>
